| 000 | 00835nam a22002297a 4500 | ||
|---|---|---|---|
| 999 |
_c19145 _d19145 |
||
| 003 | AR-CdUCM | ||
| 008 | 190516b ||||| |||| 00| 0 spa d | ||
| 040 |
_aMUNICIPALIDAD PROVINCIAL DEL CUSCO _cBIBLIOTECA MUNICIPAL DEL CUSCO |
||
| 082 |
_a711.409 / _bS18 |
||
| 100 |
_aSalazar Larraín, Arturo _92961 |
||
| 245 | _aLima : teoría y práctica de la ciudad / | ||
| 260 |
_aLima : _bCampodónico Ediciones, . _c1968. |
||
| 300 |
_a166 paginas ; _c20 cm. |
||
| 505 | _aContenido : Las funciones -- La función de trabajo -- Sectores de ocupación -- La función de trasporte -- La función de esparcimiento... | ||
| 650 |
_aUrbanismo _94748 |
||
| 650 |
_aLima _9231 |
||
| 650 |
_aCiudades y pueblos _915356 |
||
| 650 |
_aPerú _935 |
||
| 650 |
_aCrecimiento. Urbanismo _940319 |
||
| 942 |
_2ddc _cLIBROS |
||
| 945 |
_awnts _d2019-05-16 |
||